Zmeny v prospech klienta
Kvalitné služby sú často dôležitejšie ako nižšie poplatky či úroky. Úloha a kvalita služieb v bankovníctve. Vybrané poplatky v hypotekárnych bankách. Praktické informácie nutné pri žiadosti o úver. Úrokové sadzy.
Salvato in:
| Autore principale: | |
|---|---|
| Natura: | Capitolo di libro |
| Lingua: | slovacco |
| Soggetti: | |
| Tags: |
Nessun Tag, puoi essere il primo ad aggiungerne!!
|
MARC
| LEADER | 00000naa a2200000 4500 | ||
|---|---|---|---|
| 001 | r048763 | ||
| 005 | 20230920090655.8 | ||
| 041 | 0 | |a slo | |
| 044 | |a SK | ||
| 245 | 1 | 0 | |a Zmeny v prospech klienta |c Martina Kusovská |
| 520 | |a Kvalitné služby sú často dôležitejšie ako nižšie poplatky či úroky. Úloha a kvalita služieb v bankovníctve. Vybrané poplatky v hypotekárnych bankách. Praktické informácie nutné pri žiadosti o úver. Úrokové sadzy. | ||
| 610 | 2 | 0 | |a banky |
| 610 | 2 | 0 | |a služby bankové |
| 610 | 2 | 0 | |a úver |
| 610 | 2 | 0 | |a sadzby úrokové |
| 610 | 2 | 0 | |a klienti |
| 100 | 1 | |a Kusovská, Martina | |